|
|
|
|
| LEADER |
00718nam a2200193Ia 4500 |
| 001 |
CTU_64640 |
| 008 |
210402s9999 xx 000 0 und d |
| 020 |
|
|
|b 94000
|
| 082 |
|
|
|a 306.09597
|
| 082 |
|
|
|b Th253
|
| 100 |
|
|
|a Trần, Ngọc Thêm
|
| 245 |
|
0 |
|a Tìm về bản sắc văn hóa Việt Nam
|
| 245 |
|
0 |
|c Trần Ngọc Thêm
|
| 260 |
|
|
|a Thành phố Hồ Chí Minh
|
| 260 |
|
|
|b Nhà xuất bản Thành phố Hồ Chí Minh
|
| 260 |
|
|
|c 2004
|
| 650 |
|
|
|a Folk literature, vietnamese,Socialism and literature,Vietnam - civilization,Vietnam - intellectual life,Vietnam - social life and customs
|
| 904 |
|
|
|i Minh
|
| 980 |
|
|
|a Trung tâm Học liệu Trường Đại học Cần Thơ
|